Countries Most Similar To Bangladesh - Statistics

General Stats
  • This quiz has been taken 183 times
  • The average score is 8 of 20
Answer Stats
Rank Country Score % Correct
1 India 69
99%
2 Pakistan 65
94%
3 Sri Lanka 63.4
86%
5 Nepal 60.1
84%
4 Indonesia 60.9
77%
6 Myanmar 58.8
74%
18 Afghanistan 53.9
66%
8 Malaysia 57.7
65%
9 Cambodia 57.2
47%
19 Laos 53.9
44%
12 Nigeria 55.1
20%
7 Sierra Leone 68
10%
20 Ghana 53.6
9%
11 Tanzania 55.4
9%
15 Uganda 54.4
9%
10 Gambia 56.5
8%
17 Palestine 54.2
8%
14 Senegal 54.5
7%
13 Guinea 54.8
4%
16 Ivory Coast 54.3
4%
No matching quizzes found
Score Distribution
Percent of People with Each Score
Percentile by Number Answered
Your Score History
You have not taken this quiz